[Event "North Devon op"]
[Site "Barnstaple"]
[Date "1971.10.01"]
[Round "1"]
[White "Bennett, Gerald H"]
[Black "Stacey, RH"]
[Result "1-0"]
[WhiteElo "2240"]
[BlackElo "1700"]
[PlyCount "35"]
[EventDate "1971.10.01"]
[EventType "swiss"]
[EventRounds "5"]
[EventCountry "ENG"]

1. e4 c5 2. Nf3 e6 3. d4 cxd4 4. c3 dxc3 5. Nxc3 Bb4 6. Bc4 Qc7 7. Qb3 Nc6 8.
O-O a6 9. Nd5 Qa5 10. Bf4 exd5 11. exd5 Nce7 12. a3 b5 13. Bd3 Bc5 14. d6 Ng6
15. Rae1+ Kf8 16. Bxg6 hxg6 17. Ne5 Nh6 18. Bxh6 1-0

[Event "North Devon op"]
[Site "Barnstaple"]
[Date "1971.10.01"]
[Round "1"]
[White "Botterill, George Steven"]
[Black "Meiners, EP"]
[Result "1-0"]
[WhiteElo "2408"]
[BlackElo "1720"]
[PlyCount "59"]
[EventDate "1971.10.01"]
[EventType "swiss"]
[EventRounds "5"]
[EventCountry "ENG"]

1. e4 d6 2. d4 Nf6 3. Nc3 g6 4. f4 Bg7 5. Nf3 O-O 6. Be2 c5 7. dxc5 dxc5 8.
Qxd8 Rxd8 9. e5 Nd5 10. Nxd5 Rxd5 11. Be3 b6 12. Ng5 Rd7 13. Bf3 Bb7 14. e6
fxe6 15. Bxb7 Rxb7 16. O-O-O Nc6 17. Nxe6 Bf6 18. Bf2 Kf7 19. Rhe1 h6 20. g4 g5
21. f5 Ke8 22. Bg3 Rc8 23. c3 Nd8 24. Be5 Nxe6 25. Bxf6 exf6 26. Rxe6+ Re7 27.
Rxf6 Rd8 28. Rxh6 Rxd1+ 29. Kxd1 Kf8 30. Rf6+ 1-0

[Event "North Devon op"]
[Site "Barnstaple"]
[Date "1971.10.01"]
[Round "1"]
[White "Gidman, TP"]
[Black "Wood, Baruch Harold"]
[Result "1/2-1/2"]
[WhiteElo "1888"]
[BlackElo "2192"]
[PlyCount "57"]
[EventDate "1971.10.01"]
[EventType "swiss"]
[EventRounds "5"]
[EventCountry "ENG"]

1. e4 e6 2. d4 d5 3. Nd2 Nf6 4. e5 Nfd7 5. f4 c5 6. c3 Nc6 7. Ngf3 f6 8. Bd3
fxe5 9. fxe5 cxd4 10. cxd4 Nxd4 11. O-O Bc5 12. Kh1 O-O 13. Nb3 Nxf3 14. Rxf3
Nxe5 15. Rh3 Bd6 16. Bxh7+ Kf7 17. Qh5+ g6 18. Bxg6+ Nxg6 19. Rf3+ Ke8 20.
Rxf8+ Bxf8 21. Qxg6+ Kd7 22. Bg5 Qe8 23. Qh7+ Be7 24. Rc1 Kd8 25. Nd4 Bd7 26.
Bxe7+ Qxe7 27. Qg8+ Qe8 28. Qg5+ Qe7 29. Qg8+ 1/2-1/2

[Event "North Devon op"]
[Site "Barnstaple"]
[Date "1971.10.01"]
[Round "1"]
[White "Golombek, Harry"]
[Black "Stewart, NM"]
[Result "1-0"]
[WhiteElo "2232"]
[BlackElo "1720"]
[PlyCount "55"]
[EventDate "1971.10.01"]
[EventType "swiss"]
[EventRounds "5"]
[EventCountry "ENG"]

1. c4 Nf6 2. Nc3 e6 3. Nf3 d5 4. e3 Nbd7 5. b3 c5 6. cxd5 Nxd5 7. Nxd5 exd5 8.
Bb2 Nf6 9. Bb5+ Bd7 10. Qe2 Be7 11. Bxd7+ Qxd7 12. Ne5 Qc7 13. Qb5+ Nd7 14.
Nxd7 Qxd7 15. Qxd7+ Kxd7 16. Bxg7 Rhg8 17. Be5 Rxg2 18. Bg3 a5 19. Kf1 Rxg3 20.
hxg3 a4 21. bxa4 Rxa4 22. Rxh7 Ke6 23. Rb1 Rxa2 24. Ke1 Ra7 25. Rb6+ Bd6 26.
Rh6+ f6 27. g4 Ke5 28. f4+ 1-0

[Event "North Devon op"]
[Site "Barnstaple"]
[Date "1971.10.01"]
[Round "1"]
[White "Hadgkiss, G"]
[Black "Wright, Daniel"]
[Result "0-1"]
[WhiteElo "1800"]
[BlackElo "2352"]
[PlyCount "52"]
[EventDate "1971.10.01"]
[EventType "swiss"]
[EventRounds "5"]
[EventCountry "ENG"]

1. d4 Nf6 2. c4 e6 3. Nc3 Bb4 4. Qc2 c5 5. e3 Nc6 6. Nf3 O-O 7. Bd3 d5 8. a3
cxd4 9. axb4 Nxb4 10. Qe2 dxc3 11. bxc3 Nxd3+ 12. Qxd3 dxc4 13. Qxc4 Bd7 14.
Ne5 Qb6 15. Nxd7 Nxd7 16. O-O Rfc8 17. Qb4 a5 18. Qa3 Ne5 19. Rd1 Rd8 20. Bd2
a4 21. Be1 Rxd1 22. Rxd1 Qb3 23. Qxb3 axb3 24. Rb1 Nc4 25. Rxb3 Ra1 26. Kf1
Nd2+ 0-1

[Event "North Devon op"]
[Site "Barnstaple"]
[Date "1971.10.01"]
[Round "1"]
[White "Harding, Timothy David"]
[Black "Bellin, Robert"]
[Result "1/2-1/2"]
[WhiteElo "2080"]
[BlackElo "2304"]
[PlyCount "57"]
[EventDate "1971.10.01"]
[EventType "swiss"]
[EventRounds "5"]
[EventCountry "ENG"]

1. d4 Nf6 2. Nf3 e6 3. e3 c5 4. Bd3 b6 5. O-O Bb7 6. Nbd2 d5 7. c3 Be7 8. Re1
Nc6 9. e4 cxd4 10. cxd4 Nb4 11. Bb5+ Bc6 12. Bxc6+ Nxc6 13. Qa4 Qd7 14. a3 O-O
15. b4 dxe4 16. b5 Na5 17. Nxe4 Nxe4 18. Rxe4 Qd5 19. Re2 Rfc8 20. Bd2 Qb3 21.
Qxb3 Nxb3 22. Rb1 Nxd2 23. Rxd2 Bxa3 24. Ne5 f6 25. Nc6 a6 26. Ra2 Bf8 27. g3
axb5 28. Rxa8 Rxa8 29. Rxb5 1/2-1/2

[Event "North Devon op"]
[Site "Barnstaple"]
[Date "1971.10.01"]
[Round "1"]
[White "Harman, Ronald FA"]
[Black "Dixon, RJ"]
[Result "1-0"]
[WhiteElo "2144"]
[BlackElo "1928"]
[PlyCount "75"]
[EventDate "1971.10.01"]
[EventType "swiss"]
[EventRounds "5"]
[EventCountry "ENG"]

1. e4 c5 2. Nf3 Nc6 3. d4 cxd4 4. Nxd4 e6 5. Be2 Qc7 6. Be3 a6 7. O-O b5 8. a4
b4 9. Nxc6 Qxc6 10. e5 Bb7 11. Bf3 Qc7 12. Bxb7 Qxb7 13. a5 Rc8 14. c3 bxc3 15.
Nxc3 Ne7 16. Qe2 Nf5 17. Na4 Nxe3 18. Qxe3 Be7 19. Nb6 Rc7 20. Rfc1 Rxc1+ 21.
Rxc1 O-O 22. Qd4 Rd8 23. h3 h6 24. Qc4 d5 25. exd6 Bxd6 26. b4 Be5 27. b5 axb5
28. Qxb5 Bc7 29. g3 Rb8 30. Rc6 Qa7 31. Qc5 Bxb6 32. axb6 Qb7 33. Qd6 g6 34.
Rc7 Qd5 35. Qf4 e5 36. Qf6 Qe6 37. Qxe6 fxe6 38. b7 1-0

[Event "North Devon op"]
[Site "Barnstaple"]
[Date "1971.10.01"]
[Round "1"]
[White "Hester, David A"]
[Black "Waters, Peter J"]
[Result "0-1"]
[WhiteElo "2064"]
[BlackElo "2184"]
[PlyCount "94"]
[EventDate "1971.10.01"]
[EventType "swiss"]
[EventRounds "5"]
[EventCountry "ENG"]

1. d4 Nf6 2. c4 g6 3. Nc3 Bg7 4. e4 d6 5. f3 e5 6. Nge2 Nc6 7. Be3 O-O 8. d5
Ne7 9. g4 h5 10. gxh5 Nxh5 11. Qd2 f5 12. Bg5 f4 13. Rg1 Bf6 14. Nc1 Bxg5 15.
Rxg5 Kh7 16. Nd3 Ng8 17. Rg1 Nh6 18. O-O-O Rg8 19. Nf2 Qh4 20. Nd3 g5 21. Qf2
Qxf2 22. Nxf2 g4 23. Nb5 Rg7 24. fxg4 Nxg4 25. Nxg4 Bxg4 26. Nxc7 Bxd1 27.
Rxg7+ Nxg7 28. Nxa8 Bf3 29. Bd3 Ne8 30. b4 b6 31. a4 Kg7 32. a5 bxa5 33. bxa5
Kf7 34. Nb6 axb6 35. axb6 Nf6 36. c5 Nd7 37. Bb5 Nxc5 38. Bc6 Bxe4 39. b7 Nxb7
40. Bxb7 Ke7 41. Kd2 Kd7 42. Bc6+ Kc7 43. h4 Bf3 44. Ke1 e4 45. Be8 Kd8 46. Bf7
Ke7 47. Be6 e3 0-1

[Event "North Devon op"]
[Site "Barnstaple"]
[Date "1971.10.01"]
[Round "1"]
[White "Jones, PA"]
[Black "Bonner, Denys Pepperell"]
[Result "1/2-1/2"]
[WhiteElo "1640"]
[BlackElo "2040"]
[PlyCount "38"]
[EventDate "1971.10.01"]
[EventType "swiss"]
[EventRounds "5"]
[EventCountry "ENG"]

1. e4 e5 2. Nf3 Nc6 3. Bb5 Nf6 4. O-O Nxe4 5. d4 Nd6 6. Bxc6 bxc6 7. dxe5 Nb7
8. Re1 Be7 9. Nbd2 Nc5 10. Nf1 O-O 11. b3 Ne6 12. Bb2 d5 13. Ne3 f5 14. c4 f4
15. Nc2 Ng5 16. Nxg5 Bxg5 17. f3 dxc4 18. bxc4 Be6 19. Qe2 Qe8 1/2-1/2

[Event "North Devon op"]
[Site "Barnstaple"]
[Date "1971.10.02"]
[Round "2"]
[White "Burrows, L"]
[Black "Evans, John S"]
[Result "1-0"]
[WhiteElo "1605"]
[BlackElo "2000"]
[PlyCount "83"]
[EventDate "1971.10.01"]
[EventType "swiss"]
[EventRounds "5"]
[EventCountry "ENG"]

1. e4 d5 2. exd5 Nf6 3. Nc3 Nxd5 4. d4 Nxc3 5. bxc3 g6 6. Nf3 Bg7 7. Be2 O-O 8.
O-O Nd7 9. Bf4 Nf6 10. h3 Ne4 11. Qe1 b6 12. Bd3 Nf6 13. Ne5 Bb7 14. Qd2 Qd5
15. f3 c5 16. Bc4 Qd8 17. Rad1 Rc8 18. Rfe1 Bd5 19. Ba6 Rb8 20. c4 Ba8 21. d5
Nh5 22. Bh2 Qe8 23. Bb5 Qc8 24. Nd7 a6 25. Nxb8 axb5 26. cxb5 Bd4+ 27. Kh1 e6
28. Nc6 Qd7 29. Nxd4 cxd4 30. dxe6 fxe6 31. Qxd4 Qxb5 32. Rxe6 Bc6 33. c4 Qa4
34. Rde1 Ng7 35. R6e2 b5 36. Qc5 bxc4 37. Re7 Ba8 38. Qc7 Nh5 39. Rxh7 Qxa2 40.
Be5 Ng3+ 41. Bxg3 Rxf3 42. Qg7# 1-0

[Event "North Devon op"]
[Site "Barnstaple"]
[Date "1971.10.02"]
[Round "2"]
[White "Dixon, RJ"]
[Black "Gidman, TP"]
[Result "0-1"]
[WhiteElo "1928"]
[BlackElo "1888"]
[PlyCount "84"]
[EventDate "1971.10.01"]
[EventType "swiss"]
[EventRounds "5"]
[EventCountry "ENG"]

1. e4 e5 2. Nf3 Nc6 3. Bb5 Nd4 4. Nxd4 exd4 5. O-O c6 6. Bc4 Nf6 7. Re1 d6 8.
c3 Ng4 9. h3 Ne5 10. Bf1 d3 11. Re3 g5 12. f3 h5 13. Bxd3 g4 14. Bf1 gxh3 15.
d4 hxg2 16. Bxg2 Nc4 17. Re2 h4 18. Bf1 Qb6 19. Rf2 Rg8+ 20. Kh1 Ne5 21. Qe2
Ng6 22. Nd2 Nf4 23. Qe1 Bh6 24. Nc4 Qc7 25. e5 d5 26. Nd6+ Ke7 27. Rh2 h3 28.
Qh4+ Bg5 29. Qh7 Be6 30. Qc2 Rg6 31. Nf5+ Bxf5 32. Qxf5 Rag8 33. Bxh3 Nxh3 34.
Rxh3 Bxc1 35. Rxc1 Rg5 36. Qc2 Qc8 37. Qh2 Qf5 38. Rf1 R8g7 39. b3 Qd3 40. Qf2
Rh7 41. Rxh7 Qxh7+ 42. Qh2 Rh5 0-1

[Event "North Devon op"]
[Site "Barnstaple"]
[Date "1971.10.02"]
[Round "2"]
[White "Hosking, Anthony Lewarne"]
[Black "Bennett, Gerald H"]
[Result "0-1"]
[WhiteElo "1736"]
[BlackElo "2240"]
[PlyCount "118"]
[EventDate "1971.10.01"]
[EventType "swiss"]
[EventRounds "5"]
[EventCountry "ENG"]

1. e4 c5 2. Nf3 d6 3. d4 cxd4 4. Nxd4 Nf6 5. Nc3 e6 6. f4 Be7 7. Be3 a6 8. Bd3
Qc7 9. O-O b5 10. a3 Bb7 11. Qf3 Nc6 12. Nxc6 Bxc6 13. Bd4 Qb7 14. Rfe1 a5 15.
Qe2 b4 16. Nb5 O-O 17. axb4 axb4 18. Bxf6 Bxf6 19. Nxd6 Qb6+ 20. Kh1 Bxb2 21.
Nc4 Qd4 22. Nxb2 Qxb2 23. Rxa8 Rxa8 24. h3 Rd8 25. Qe3 Qd4 26. Qxd4 Rxd4 27.
Re3 Kf8 28. Kh2 Ke7 29. g4 e5 30. f5 f6 31. Kg3 Kd6 32. Kf3 Kc5 33. Ke2 Rd7 34.
Kd2 Kd4 35. Re1 Ra7 36. Rb1 Rb7 37. Re1 Rb8 38. h4 Ra8 39. Rb1 Ra4 40. Re1 h6
41. g5 hxg5 42. hxg5 Ra8 43. Rb1 Rb8 44. gxf6 gxf6 45. Rg1 Rh8 46. Rg6 Rh2+ 47.
Kc1 Kc3 48. Kb1 b3 49. cxb3 Kxd3 50. Rxf6 Bxe4 51. Kc1 Rc2+ 52. Kb1 Rf2 53. Rb6
Bxf5 54. Rc6 e4 55. Kc1 e3 56. Rd6+ Kc3 57. Rc6+ Kxb3 58. Kd1 Rd2+ 59. Ke1 Bg4
0-1

[Event "North Devon op"]
[Site "Barnstaple"]
[Date "1971.10.02"]
[Round "2"]
[White "Lee, RA"]
[Black "Harman, Ronald FA"]
[Result "1/2-1/2"]
[WhiteElo "2112"]
[BlackElo "2144"]
[PlyCount "109"]
[EventDate "1971.10.01"]
[EventType "swiss"]
[EventRounds "5"]
[EventCountry "ENG"]

1. d4 Nf6 2. c4 g6 3. Nc3 d5 4. Nf3 Bg7 5. Qb3 dxc4 6. Qxc4 O-O 7. e4 Bg4 8.
Be3 Nfd7 9. Qb3 Nb6 10. a4 Bxf3 11. gxf3 a5 12. d5 N8d7 13. Nb5 Re8 14. Rc1 Rc8
15. Bh3 c5 16. dxc6 Rxc6 17. O-O Ne5 18. Nd4 Rc4 19. Ne6 Qd3 20. Qxb6 Nxf3+ 21.
Kh1 Rxc1 22. Rxc1 fxe6 23. Qxe6+ Kf8 24. Bg2 Ne5 25. Bc5 Nc6 26. e5 Qf5 27.
Qxf5+ gxf5 28. Bxc6 bxc6 29. f4 Bh6 30. Be3 Rb8 31. Rxc6 Kg7 32. Bc1 Rb4 33.
Kg2 Bxf4 34. Bxf4 Rxf4 35. b3 Rb4 36. Rc5 Rxb3 37. Rxa5 Ra3 38. Ra6 Re3 39. e6
Kf6 40. a5 Ra3 41. Kf2 h5 42. Kg2 Ke5 43. h4 f4 44. Kh2 Kf5 45. Kg2 Kg4 46. Ra8
Ra2+ 47. Kf1 Kf3 48. Kg1 Re2 49. Rh8 Re1+ 50. Kh2 Kg4 51. a6 Re2+ 52. Kg1 Ra2
53. Rh7 Rxa6 54. Rxe7 Kxh4 55. Re8 1/2-1/2

[Event "North Devon op"]
[Site "Barnstaple"]
[Date "1971.10.02"]
[Round "2"]
[White "Lucas, Samson Parker"]
[Black "Golombek, Harry"]
[Result "0-1"]
[WhiteElo "1605"]
[BlackElo "2232"]
[PlyCount "96"]
[EventDate "1971.10.01"]
[EventType "swiss"]
[EventRounds "5"]
[EventCountry "ENG"]

1. Nf3 Nf6 2. e3 b6 3. b3 Bb7 4. Bb2 g6 5. d4 Bg7 6. Nbd2 O-O 7. Be2 c5 8. O-O
Nc6 9. c4 cxd4 10. exd4 d5 11. Re1 Rc8 12. Rb1 Qc7 13. Rc1 Qb8 14. Ba3 Rfd8 15.
Bb2 e6 16. a3 Ne4 17. cxd5 exd5 18. Bd3 f5 19. Rc2 Re8 20. Nf1 Na5 21. Rce2
Red8 22. N1d2 Qc7 23. b4 Nc4 24. Nxc4 dxc4 25. Rc2 Qf7 26. Bxe4 Bxe4 27. Rc1
Bxf3 28. Qxf3 Bxd4 29. Bc3 b5 30. Rc2 Re8 31. Rec1 Re4 32. Kf1 Rce8 33. g3 Qe6
34. Kg2 Qe5 35. h4 Rg4 36. Bd2 Re4 37. Bf4 Qe6 38. Bd2 Re2 39. Be1 Rxc2 40.
Rxc2 Qxe1 41. Qd5+ Qe6 42. Qxd4 Qe4+ 43. Qxe4 Rxe4 44. Kf3 Kf7 45. Rc3 Ke6 46.
Re3 Rxe3+ 47. Kxe3 Ke5 48. f4+ Kd5 0-1

[Event "North Devon op"]
[Site "Barnstaple"]
[Date "1971.10.02"]
[Round "2"]
[White "Mahdavi, MR"]
[Black "Botterill, George Steven"]
[Result "0-1"]
[WhiteElo "2080"]
[BlackElo "2408"]
[PlyCount "48"]
[EventDate "1971.10.01"]
[EventType "swiss"]
[EventRounds "5"]
[EventCountry "ENG"]

1. Nf3 g6 2. c4 Bg7 3. g3 e5 4. Nc3 Nc6 5. d3 d6 6. Bg2 Nf6 7. Rb1 O-O 8. b4 h6
9. Bd2 Be6 10. O-O Qd7 11. b5 Ne7 12. c5 Nh5 13. Qc1 Kh7 14. Qa3 d5 15. e3 f5
16. Ne2 g5 17. Bc3 Ng6 18. Qb2 f4 19. exf4 gxf4 20. gxf4 Bh3 21. Nxe5 Bxe5 22.
Bxe5 Bxg2 23. Kxg2 Qg4+ 24. Ng3 Nh4+ 0-1

[Event "North Devon op"]
[Site "Barnstaple"]
[Date "1971.10.02"]
[Round "2"]
[White "Maya, A"]
[Black "Griffiths, Peter Charles"]
[Result "0-1"]
[WhiteElo "1852"]
[BlackElo "2240"]
[PlyCount "74"]
[EventDate "1971.10.01"]
[EventType "swiss"]
[EventRounds "5"]
[EventCountry "ENG"]

1. Nh3 Nf6 2. g3 g6 3. c4 Bg7 4. d4 O-O 5. Nc3 d6 6. f4 Nbd7 7. Bg2 e5 8. d5
Re8 9. O-O exf4 10. Nxf4 Nc5 11. Nd3 Nce4 12. Rb1 Nxc3 13. bxc3 Ne4 14. Bb2
Nxc3 15. Qb3 Nxb1 16. Bxg7 Kxg7 17. Qb2+ Kg8 18. Nf4 Qg5 19. e4 Qe5 20. Qxb1 f5
21. exf5 Qxf5 22. Qb5 Qd7 23. Qa5 Qg7 24. Ne6 Bxe6 25. dxe6 Qd4+ 26. Kh1 Qxc4
27. e7 c6 28. Qc7 Qe6 29. Qxb7 Qxe7 30. Qxc6 Rac8 31. Qd5+ Kh8 32. Qd4+ Qe5 33.
Qxa7 Rf8 34. Rb1 Rc2 35. a4 Rxg2 36. Rb8 Qe1+ 37. Kxg2 Qf1# 0-1

[Event "North Devon op"]
[Site "Barnstaple"]
[Date "1971.10.02"]
[Round "2"]
[White "Taylor, WH"]
[Black "Crombleholme, Alan"]
[Result "0-1"]
[WhiteElo "2048"]
[BlackElo "2144"]
[PlyCount "78"]
[EventDate "1971.10.01"]
[EventType "swiss"]
[EventRounds "5"]
[EventCountry "ENG"]

1. c4 g6 2. g3 Nf6 3. b4 Bg7 4. Bb2 O-O 5. Bg2 Re8 6. Nf3 d5 7. O-O Nbd7 8. d3
e5 9. Nbd2 a5 10. a3 c6 11. e4 d4 12. Qc2 c5 13. Nb3 b6 14. bxc5 Nxc5 15. Nfd2
Bd7 16. Nxc5 bxc5 17. a4 Qc8 18. Nb1 Qc6 19. Qd2 Reb8 20. Na3 Qxa4 21. Rfb1 Rb3
22. Nc2 Qc6 23. Rxa5 Rab8 24. Ne1 Qb6 25. Ra2 h6 26. Bf3 Bg4 27. Kg2 Kh7 28. h3
Bxf3+ 29. Nxf3 Ne8 30. Qc2 Qb7 31. Nd2 Rb4 32. Kf1 Nd6 33. Ke1 f5 34. Kd1 fxe4
35. dxe4 Qf7 36. f3 Nxc4 37. Nxc4 Rxc4 38. Qe2 Rcb4 39. Ra3 c4 0-1

[Event "North Devon op"]
[Site "Barnstaple"]
[Date "1971.10.02"]
[Round "2"]
[White "Waters, Peter J"]
[Black "Dilworth, Vernon"]
[Result "1-0"]
[WhiteElo "2184"]
[BlackElo "1880"]
[PlyCount "89"]
[EventDate "1971.10.01"]
[EventType "swiss"]
[EventRounds "5"]
[EventCountry "ENG"]

1. e4 e5 2. Nf3 Nc6 3. Bb5 a6 4. Ba4 Nf6 5. O-O Nxe4 6. d4 b5 7. Bb3 d5 8. dxe5
Be6 9. Qe2 Na5 10. Nbd2 Nc5 11. Nd4 Be7 12. f4 g6 13. f5 gxf5 14. Nxf5 Bxf5 15.
Rxf5 Qd7 16. Qh5 Qe6 17. Nf3 Ne4 18. Be3 c5 19. Rxf7 O-O-O 20. c3 Nf6 21. Rxe7
Qxe7 22. Qf5+ Nd7 23. Bg5 Rdf8 24. Qg4 h5 25. Bxe7 hxg4 26. Bxf8 Nxb3 27. axb3
Rxf8 28. e6 gxf3 29. exd7+ Kxd7 30. Rf1 Kd6 31. Rxf3 Rxf3 32. gxf3 Ke5 33. Kf2
a5 34. Ke3 b4 35. h4 bxc3 36. bxc3 c4 37. bxc4 a4 38. Kd3 a3 39. Kc2 dxc4 40.
Kb1 Kf5 41. Ka2 Kg6 42. Kxa3 Kh5 43. Kb4 Kxh4 44. Kxc4 Kg3 45. Kd5 1-0

[Event "North Devon op"]
[Site "Barnstaple"]
[Date "1971.10.02"]
[Round "2"]
[White "Wood, Baruch Harold"]
[Black "Wright, Daniel"]
[Result "1-0"]
[WhiteElo "2192"]
[BlackElo "2352"]
[PlyCount "73"]
[EventDate "1971.10.01"]
[EventType "swiss"]
[EventRounds "5"]
[EventCountry "ENG"]

1. f4 g6 2. e4 Bg7 3. d4 d6 4. Nf3 c6 5. Nc3 Bg4 6. Be3 Qb6 7. Qd2 Bxf3 8. gxf3
Qxb2 9. Rb1 Qa3 10. Rxb7 Nd7 11. Rc7 Ngf6 12. Rxc6 O-O 13. e5 Nh5 14. Ra6 Qb2
15. Nd5 dxe5 16. Nxe7+ Kh8 17. fxe5 Qb7 18. Nc6 Rac8 19. Qb4 Qa8 20. Bb5 Nb8
21. d5 Nxa6 22. Bxa6 Rb8 23. Nxb8 Rxb8 24. Qc5 Rb1+ 25. Kd2 Rxh1 26. d6 Rxh2+
27. Kd3 Nf4+ 28. Bxf4 Qxf3+ 29. Qe3 Qd1+ 30. Ke4 Qxc2+ 31. Kd5 Qxa2+ 32. Bc4
Qa5+ 33. Qc5 Rd2+ 34. Bxd2 Qxd2+ 35. Kc6 Qg2+ 36. Kc7 Qg4 37. d7 1-0

[Event "North Devon op"]
[Site "Barnstaple"]
[Date "1971.10.02"]
[Round "3"]
[White "Binks, Michael E"]
[Black "Hardy, R"]
[Result "1-0"]
[WhiteElo "1992"]
[BlackElo "1888"]
[PlyCount "46"]
[EventDate "1971.10.01"]
[EventType "swiss"]
[EventRounds "5"]
[EventCountry "ENG"]

1. d4 Nf6 2. c4 g6 3. Nc3 Bg7 4. e4 d6 5. Bg5 c5 6. d5 h6 7. Bh4 Qa5 8. Qd2 g5
9. Bg3 Nh5 10. Bd3 Na6 11. Nge2 Bd7 12. O-O O-O 13. f4 Nxg3 14. Nxg3 gxf4 15.
Rxf4 e5 16. Rh4 Qd8 17. Rxh6 Bxh6 18. Qxh6 f6 19. Nh5 Qe7 20. Rf1 f5 21. exf5
Be8 22. Rf3 Bxh5 23. Rg3+ Kf7 1-0

[Event "North Devon op"]
[Site "Barnstaple"]
[Date "1971.10.02"]
[Round "3"]
[White "Boniface, Stephen R"]
[Black "Wolfarth, Geoffrey Ernest"]
[Result "1-0"]
[WhiteElo "1784"]
[BlackElo "2056"]
[PlyCount "72"]
[EventDate "1971.10.01"]
[EventType "swiss"]
[EventRounds "5"]
[EventCountry "ENG"]

1. e4 c5 2. Nf3 Nc6 3. c3 Nf6 4. e5 Nd5 5. d4 cxd4 6. cxd4 d6 7. Bc4 Nb6 8. Bb3
e6 9. O-O Be7 10. Nc3 Bd7 11. exd6 Bxd6 12. d5 exd5 13. Nxd5 Nxd5 14. Qxd5 Be6
15. Qe4 Qd7 16. Re1 O-O 17. Bxe6 Qxe6 18. Qxe6 fxe6 19. Rxe6 Rad8 20. Bg5 Rd7
21. Rae1 Bc5 22. a3 Nd4 23. Nxd4 Bxd4 24. R6e2 Rf5 25. Be3 Rfd5 26. g3 Bxe3 27.
Rxe3 Rd2 28. R1e2 b6 29. b4 h6 30. Rxd2 Rxd2 31. Re7 a5 32. bxa5 bxa5 33. Re5
a4 34. Re4 Kf7 35. Rxa4 Rd7 36. Ra8 Ke6 1-0

[Event "North Devon op"]
[Site "Barnstaple"]
[Date "1971.10.02"]
[Round "3"]
[White "Brisk, M"]
[Black "Bellin, Robert"]
[Result "0-1"]
[WhiteElo "1605"]
[BlackElo "2304"]
[PlyCount "82"]
[EventDate "1971.10.01"]
[EventType "swiss"]
[EventRounds "5"]
[EventCountry "ENG"]

1. d4 Nf6 2. e3 g6 3. Be2 Bg7 4. Nf3 O-O 5. O-O d6 6. Nc3 c6 7. Nd2 b5 8. f4
Nbd7 9. Nce4 Qc7 10. c3 Bb7 11. Ng3 a6 12. e4 c5 13. Bf3 Rac8 14. d5 e6 15.
dxe6 fxe6 16. Qe2 Rce8 17. Rd1 Nb6 18. Ndf1 Bc6 19. Be3 Nfd7 20. Nd2 a5 21.
Rac1 Bh6 22. f5 Bxe3+ 23. Qxe3 exf5 24. Qh6 f4 25. Ne2 d5 26. exd5 Bxd5 27.
Bxd5+ Nxd5 28. Nf3 Ne5 29. Rxd5 Nxf3+ 30. gxf3 Rxe2 31. Rcd1 Qe7 32. Qh3 Qe3+
33. Kh1 Re8 34. Rg1 Re1 35. Rdg5 Qf2 36. R5g2 Rxg1+ 37. Rxg1 Qxb2 38. Qd7 Qe2
39. Qd5+ Kg7 40. h4 Re3 41. Qd7+ Kh6 0-1

[Event "North Devon op"]
[Site "Barnstaple"]
[Date "1971.10.02"]
[Round "3"]
[White "Bruzzi, Stefano"]
[Black "Taylor, WH"]
[Result "1-0"]
[WhiteElo "2288"]
[BlackElo "2048"]
[PlyCount "63"]
[EventDate "1971.10.01"]
[EventType "swiss"]
[EventRounds "5"]
[EventCountry "ENG"]

1. e4 e6 2. d4 d5 3. Nc3 Nf6 4. Bg5 Bb4 5. e5 h6 6. Bd2 Bxc3 7. bxc3 Ne4 8. Qg4
Kf8 9. h4 c5 10. Bd3 Nxd2 11. Kxd2 Nc6 12. Rh3 h5 13. Qf4 Bd7 14. Nf3 cxd4 15.
cxd4 Qe7 16. Ng5 Rc8 17. Rb1 Rc7 18. Rg3 Kg8 19. c3 Na5 20. Qf6 Qxf6 21. exf6
g6 22. Nf3 Bc6 23. Ne5 Nc4+ 24. Bxc4 dxc4 25. f3 Bd5 26. Rh3 Kh7 27. Rg1 Rf8
28. g4 hxg4 29. Rxg4 Kh6 30. Ke3 b5 31. Kf4 Rg8 32. Rg5 1-0

[Event "North Devon op"]
[Site "Barnstaple"]
[Date "1971.10.02"]
[Round "3"]
[White "Evans, John S"]
[Black "Wood, P"]
[Result "1-0"]
[WhiteElo "2000"]
[BlackElo "1784"]
[PlyCount "105"]
[EventDate "1971.10.01"]
[EventType "swiss"]
[EventRounds "5"]
[EventCountry "ENG"]

1. e4 e6 2. Nf3 d5 3. exd5 exd5 4. b3 Nf6 5. Bb2 Nc6 6. Bb5 Bd7 7. O-O Bd6 8.
Re1+ Ne7 9. Qe2 c6 10. Bd3 Qc7 11. c4 O-O-O 12. Ne5 Be6 13. Bc2 Ng6 14. d4 Nf4
15. Qe3 g5 16. c5 Bxe5 17. dxe5 Ng4 18. Qd4 f6 19. Qa4 Qb8 20. exf6 Nh3+ 21.
Kf1 Nxh2+ 22. Ke2 Nf4+ 23. Kd2 d4 24. Kc1 d3 25. Be5 Ne2+ 26. Rxe2 dxe2 27. Qe4
Bg4 28. f7 Rd1+ 29. Bxd1 exd1=Q+ 30. Kb2 Qxe5+ 31. Qxe5 Qe2+ 32. Qxe2 Bxe2 33.
Nc3 Bd3 34. f3 g4 35. Rh1 gxf3 36. gxf3 Nxf3 37. Rh3 Ne5 38. Re3 Bg6 39. Rxe5
Bxf7 40. Ne4 Bg6 41. Nd6+ Kb8 42. Re7 b5 43. cxb6 axb6 44. Rb7+ Ka8 45. Rxb6
Rf8 46. Rxc6 Rf2+ 47. Ka3 Bb1 48. b4 Rxa2+ 49. Kb3 Re2 50. b5 Be4 51. Rc7 Bd5+
52. Kb4 Rb2+ 53. Ka5 1-0

[Event "North Devon op"]
[Site "Barnstaple"]
[Date "1971.10.02"]
[Round "3"]
[White "Golombek, Harry"]
[Black "Burrows, L"]
[Result "1-0"]
[WhiteElo "2232"]
[BlackElo "1605"]
[PlyCount "25"]
[EventDate "1971.10.01"]
[EventType "swiss"]
[EventRounds "5"]
[EventCountry "ENG"]

1. c4 c5 2. Nc3 Nc6 3. Nf3 Nf6 4. d4 cxd4 5. Nxd4 d6 6. g3 g6 7. Bg2 Ne5 8. f4
Ned7 9. O-O h6 10. e4 e5 11. Nc2 Qb6+ 12. Be3 Qxb2 13. Na4 1-0

[Event "North Devon op"]
[Site "Barnstaple"]
[Date "1971.10.02"]
[Round "3"]
[White "Harman, Ronald FA"]
[Black "Wood, Baruch Harold"]
[Result "1-0"]
[WhiteElo "2144"]
[BlackElo "2192"]
[PlyCount "71"]
[EventDate "1971.10.01"]
[EventType "swiss"]
[EventRounds "5"]
[EventCountry "ENG"]

1. e4 e6 2. d4 d5 3. Nd2 Nf6 4. e5 Nfd7 5. f4 c5 6. c3 Nc6 7. Ndf3 f6 8. g3
cxd4 9. cxd4 Bb4+ 10. Kf2 O-O 11. Kg2 fxe5 12. fxe5 Be7 13. Bd3 Rf7 14. h4 Nf8
15. Be3 Bd7 16. Nh3 Nb4 17. Bb1 Bb5 18. Nhg5 Bxg5 19. Nxg5 Rc7 20. a3 Nc6 21.
Qf3 h6 22. Nh3 Rf7 23. Qg4 Qb6 24. Re1 Bc4 25. b4 a5 26. Nf4 axb4 27. Nh5 bxa3
28. Nf6+ Kh8 29. Bxh6 gxf6 30. exf6 Qc7 31. Qh5 Nh7 32. Rxe6 Rg8 33. Rxa3 Nxd4
34. Bxh7 Rxh7 35. Bg7+ Rgxg7 36. fxg7+ 1-0

[Event "North Devon op"]
[Site "Barnstaple"]
[Date "1971.10.02"]
[Round "3"]
[White "O'Sullivan, Brian F"]
[Black "Waters, Peter J"]
[Result "0-1"]
[WhiteElo "2024"]
[BlackElo "2184"]
[PlyCount "86"]
[EventDate "1971.10.01"]
[EventType "swiss"]
[EventRounds "5"]
[EventCountry "ENG"]

1. e4 c5 2. Nf3 Nc6 3. d4 cxd4 4. Nxd4 g6 5. Nc3 Bg7 6. Be3 Nf6 7. Bc4 O-O 8.
Bb3 d6 9. h3 Bd7 10. O-O Nxd4 11. Bxd4 b5 12. Nd5 Nxd5 13. Bxd5 Rc8 14. c3 a5
15. Bxg7 Kxg7 16. Qd4+ f6 17. Rad1 Qc7 18. f4 Qc5 19. a3 e5 20. fxe5 dxe5 21.
Qxc5 Rxc5 22. Ba2 Bc6 23. Bd5 Bxd5 24. Rxd5 Rxd5 25. exd5 a4 26. Rd1 Kf7 27.
Kf2 Ke7 28. Ke3 Kd6 29. g4 Rf7 30. Rd3 Rc7 31. Ke2 e4 32. Rd1 Rc5 33. Rd4 Rxd5
34. Rxe4 Re5 35. Kf3 Rxe4 36. Kxe4 Kc5 37. Kd3 Kd5 38. h4 Kc5 39. h5 Kd5 40. h6
Kc5 41. Kd2 Kc4 42. Kc2 f5 43. gxf5 gxf5 0-1